000 00653nam a22002172 4500
001 17795
003 BD-RjUL
005 20211209000208.0
008 140218s1962 enka 000 0 eng u
035 _a(BD-RjUL)17853
_aOCLC ocm06923609 from D960925M
040 _aEQO
_cIAZ
_dUKM
_dBD-RjUL
_beng
041 _aeng
082 0 4 _a796.334
_218
_bROS 1962
100 1 _aRowe, Daniel Francis.
_954907
245 1 0 _aSoccer :
_bdo it this way /
_cWith photos by John Barlee, and a foreword by Sir Stanley Rowe.
250 _a2d ed.
260 _aLondon :
_bMurray,
_c1962.
300 _a80 p. :
_billus.;
_c22 cm.
650 0 _aSoccer.
_950706
942 _2ddc
_cBK
999 _c17795
_d17795